Normal view
MARC view
Entry Uniform Title
001 - CONTROL NUMBER
- control field: 17822
003 - CONTROL NUMBER IDENTIFIER
- control field: BD-RjUL
005 - DATE AND TIME OF LATEST TRANSACTION
- control field: 20260226105941.0
008 - FIXED-LENGTH DATA ELEMENTS
- fixed length control field: 260226|| aca||aabn | a|a d
040 ## - CATALOGING SOURCE
- Original cataloging agency: BD-RjUL
- Transcribing agency: BD-RjUL
130 ## - HEADING--UNIFORM TITLE
- Uniform title: Critical refugee studies
670 ## - SOURCE DATA FOUND
- Source citation: Work cat.: (BD-RjUL)86225: Espiritu, Yen Le, 1963- author. 17811, Departures :